Stratégia v rukách manažérov

Osobnosť vrcholového manažéra. Kompetentný manažér - výrobný, obchodný, finančný. Metodické kompetencie manažérskej profesie. Sociálna zložka manažérskych kompetencií. Náplň práce výrobného a finančného manažéra, ktorí v podnikovej sfére predstavujú vrcholový manažment. Povinnosti manažéra predaja a...

Ausführliche Beschreibung

Gespeichert in:
Bibliographische Detailangaben
1. Verfasser: Reich, C.
Format: Buchkapitel
Sprache:Slowakisch
Schlagworte:
Tags: Tag hinzufügen
Keine Tags, Fügen Sie das erste Tag hinzu!

MARC

LEADER 00000naa a2200000 4500
001 r018431
005 20221213100609.2
041 0 |a slo 
044 |a SK 
245 1 0 |a Stratégia v rukách manažérov  |c C. Reich 
520 |a Osobnosť vrcholového manažéra. Kompetentný manažér - výrobný, obchodný, finančný. Metodické kompetencie manažérskej profesie. Sociálna zložka manažérskych kompetencií. Náplň práce výrobného a finančného manažéra, ktorí v podnikovej sfére predstavujú vrcholový manažment. Povinnosti manažéra predaja ako príklad stredného manažmentu. 
610 2 0 |a manažéri 
610 2 0 |a osobnosť 
610 2 0 |a manažment 
610 2 0 |a náplň pracovná 
610 2 0 |a riadenie vrcholové 
100 1 |a Reich, C.